Animaux et noms (3) - Statistiques

Statistiques générales
  • Ce quiz a été pris 49 fois
  • Le résultat moyen est 7 sur 15
Statistiques - réponses
Hint Réponse % Correct
...bapapa bar
98%
...cingérorix ver
91%
...spoutine rat
84%
Rocky Bal... boa
82%
....mond Devos raie
80%
Jean ...teau coq
53%
raymond .....idor poule
53%
Simone .....oret cygne
51%
......a Bullock sandre
27%
...rre Dax pie
22%
Gustave ......botte caille
18%
Bourg la R.... renne
9%
.....paz taupe
4%
...sutra calmar
0%
.... la guerre, la victoire était au bout de leurs fusils zébu
0%
Aucun quiz correspondant
Distribution des résultats
% des personnes avec chaque résultat
Percentile par nombre de réponses
Votre historique - résultats
Vous n’avez pas pris ce quiz